000 00826nam a22002417a 4500
999 _c20690
_d20690
003 AR-CdUCM
008 190604b ||||| |||| 00| 0 spa d
040 _aMUNICIPALIDAD PROVINCIAL DEL CUSCO
_cBIBLIOTECA MUNICIPAL DEL CUSCO
082 _a803 /
_bD69
110 _aDDC SAC
_943236
245 _aEl domingo de Carlos /
260 _aLima :
_bEnotria,
_c2005.
300 _a22 páginas ;
_bIlustraciones,
_c21 cm
500 _aUna historia sobre los objetivos de desarrollo del milenio
505 _aContenido : Cuentos infantiles -- El domingo de Carlos.
650 _aCuentos
_9217
650 _aLiteratura
_9416
650 _aInfantil
_96210
700 _aGuion, diseño y edición: Díaz de Cerio, Xabier
_943237
700 _aIlustraciones: Aguilar, VIctor
_943238
942 _2ddc
_cLIBROS
945 _aJavier